Online Catalogue and eLibrary

Kalahari hunter-gatherers : (Record no. 330)

MARC details
000 -LEADER
fixed length control field 00671pam a2200217 i 4500
001 - CONTROL NUMBER
control field 3635049
005 - DATE AND TIME OF LATEST TRANSACTION
control field 20240208020359.0
008 - FIXED-LENGTH DATA ELEMENTS--GENERAL INFORMATION
fixed length control field 750821s1976 maua b 001 0 eng
020 ## - INTERNATIONAL STANDARD BOOK NUMBER
ISBN 0674499808
040 ## - CATALOGING SOURCE (பட்டியலாக்க மூலம்)
Original cataloging agency DLC
Transcribing agency DLC
Modifying agency DLC
082 00 - DDC Classification
Class No. 306.08
DDC Edition Number 22
245 00 - TITLE STATEMENT
Title Kalahari hunter-gatherers :
Remainder of title studies of the !Kung San and their neighbors /
Statement of responsibility, etc. edited by Richard B. Lee and Irven DeVore.
260 ## - PUBLICATION, DISTRIBUTION, ETC.
Place of publication, distribution, etc. Cambridge, Mass. :
Name of publisher, distributor, etc. Harvard University Press,
Date of publication, distribution, etc. 1976.
300 ## - PHYSICAL DESCRIPTION
Extent (e.g. Volumes, Pages etc.) xix, 408 p. :
500 ## - GENERAL NOTE
General note Includes index.
650 #0 - SUBJECT ADDED ENTRY--TOPICAL TERM
Topical term or geographic name entry element !Kung (African people)
650 #0 - SUBJECT ADDED ENTRY--TOPICAL TERM
Topical term or geographic name entry element San (African people)
700 1# - ADDED ENTRY--PERSONAL NAME
Personal name Lee, Richard B.
Relator term (Role) Editor
700 1# - ADDED ENTRY--PERSONAL NAME
Personal name DeVore, Irven.
Relator term (Role) Editor
942 ## - Koha item type (Biblio)
Koha item type Books in Stacks (Lending)
Holdings
Lost status Damaged status Collection code Home library Current library Date acquired Full call number Accession Number Item type
    Lending WERC Library WERC Library 02/08/2024 306.08 328 Books in Stacks (Lending)

© WERC Library